Подробности
| 000 -МАРКЕР |
| контрольное поле |
01803nam2a22003251 4500 |
| 001 - ИДЕНТИФИКАТОР ЗАПИСИ |
| контрольное поле |
v19\rc\1877276 |
| 005 - ИДЕНТИФИКАТОР ВЕРСИИ |
| контрольное поле |
20260406084540.0 |
| 035 ## - ДРУГИЕ СИСТЕМНЫЕ НОМЕРА |
| Идентификатор записи |
(NLR Aleph) 004988517 |
| 100 ## - ДАННЫЕ ОБЩЕЙ ОБРАБОТКИ |
| Данные общей обработки |
20080221f19101919|||y0rusy50 ca |
| 101 1# - ЯЗЫК РЕСУРСА |
| Язык текста, звукозаписи и т.д. |
русский |
| Язык оригинала |
английский |
| -- |
английский |
| -- |
английский |
| -- |
английский |
| 102 ## - СТРАНА ПУБЛИКАЦИИ ИЛИ ПРОИЗВОДСТВА |
| Страна публикации |
Российская Федерация |
| 105 ## - ПОЛЕ КОДИРОВАННЫХ ДАННЫХ: ТЕКСТОВЫЕ МАТЕРИАЛЫ, МОНОГРАФИЧЕСКИЕ |
| Кодированные данные о монографическом текстовом документе |
a z ||||| |
| 200 1# - ЗАГЛАВИЕ И СВЕДЕНИЯ ОБ ОТВЕТСТВЕННОСТИ |
| Основное заглавие |
Маленький дикарь |
| Первые сведения об ответственности |
Пер. М.Д. Бологовской |
| Основное заглавие |
[Служба на купеческом корабле |
| Первые сведения об ответственности |
Пер. Е.М. Чистяковой-Вэр |
| Основное заглавие |
Приключения Питера Симпля |
| -- |
Пират |
| Первые сведения об ответственности |
Пер. Я.И. Ясинского и М.П. Игнатовой] |
| 210 ## - ПУБЛИКАЦИЯ, РАСПРОСТРАНЕНИЕ И ДР. |
| Дата издания, распространения и т.д. |
[191-?] |
| Место издания, распространения и т.д. |
Б. м. |
| 215 ## - ФИЗИЧЕСКАЯ ХАРАКТЕРИСТИКА |
| Специфическое обозначение материала и объем |
176, 212, 479 с. |
| Другие сведения о физической характеристике |
ил. |
| 461 #0 - УРОВЕНЬ НАБОРА |
| Встроенное поле |
001v19\rc\1877270 |
| -- |
2001#$aПолное собрание сочинений капитана Марриэта$e[В 6 т. Т. 1-6]$v[Т. 6] |
| -- |
700#1$aМарриет$bФ.$f1792-1848$gФредерик$6z04790 |
| Системный номер (АБИС) связанной записи |
6260535 |
| Автор |
Марриет, Ф. (1792-1848) |
| Место публикации |
Санкт-Петербург |
| Дата публикации |
191? |
| Имя издателя, распространителя и т.д. |
П.П. Сойкин |
| Сведения, относящиеся к заглавию |
[В 6 т. Т. 1-6] |
| Заглавие |
Полное собрание сочинений капитана Марриэта |
| Номер тома |
[Т. 6] |
| 540 1# - ДОПОЛНИТЕЛЬНОЕ ЗАГЛАВИЕ, ПРИМЕНЯЕМОЕ КАТАЛОГИЗАТОРОМ |
| Заглавие |
Служба на купеческом корабле |
| 702 #1 - ИМЯ ЛИЦА - ВТОРИЧНАЯ ОТВЕТСТВЕННОСТЬ |
| Начальный элемент ввода |
Бологовская |
| Часть имени, кроме начального элемента ввода |
М.Д. |
| Код отношения |
Переводчик |
| 702 #1 - ИМЯ ЛИЦА - ВТОРИЧНАЯ ОТВЕТСТВЕННОСТЬ |
| Связь между полями |
z03790 |
| Начальный элемент ввода |
Вэр-Чистякова |
| Часть имени, кроме начального элемента ввода |
Е.М. |
| Расширение инициалов личного имени |
Евгения Михайловна |
| Код отношения |
Переводчик |
| 702 #1 - ИМЯ ЛИЦА - ВТОРИЧНАЯ ОТВЕТСТВЕННОСТЬ |
| Код отношения |
Переводчик |
| Графика поля |
Кириллица |
| Материалы, к которым относится поле |
rus |
| Начальный элемент ввода |
Ясинский |
| Часть имени, кроме начального элемента ввода |
Я. И. |
| Даты |
1886-1942 |
| Расширение инициалов личного имени |
Яков Иеронимович |
| Идентификатор авторитетной/нормативной записи |
RU\NLR\AUTH\770279189 |
| Системный номер авторитетной/нормативной записи |
2651156 |
| 702 #1 - ИМЯ ЛИЦА - ВТОРИЧНАЯ ОТВЕТСТВЕННОСТЬ |
| Начальный элемент ввода |
Игнатова |
| Часть имени, кроме начального элемента ввода |
М.П. |
| Код отношения |
Переводчик |
| 790 #1 - ИМЯ ЛИЦА - АЛЬТЕРНАТИВНАЯ ФОРМА |
| Связь между полями |
z03702 |
| Начальный элемент ввода |
Чистякова |
| Часть имени, кроме начального элемента ввода |
Е.М. |
| Расширение инициалов личного имени |
Евгения Михайловна |
| 801 #0 - ИСТОЧНИК ЗАПИСИ |
| Страна |
Российская Федерация |
| Организация |
NLR |
| Правила каталогизации |
psbo |
| 801 #0 - ИСТОЧНИК ЗАПИСИ |
| Страна |
Российская Федерация |
| Организация |
RuMoRGB |
| Источник данных |
psbo |
| 801 #1 - ИСТОЧНИК ЗАПИСИ |
| Страна |
Российская Федерация |
| Организация |
ProSoft-M |
| Источник данных |
rusmarc |
| 852 ## - МЕСТОНАХОЖДЕНИЕ И ШИФР ХРАНЕНИЯ |
| Идентификатор организации |
NLR |
| Шифр хранения (Call Number) |
66-3/3212 |
| 942 ## - ДОПОЛНИТЕЛЬНЫЕ ЭЛЕМЕНТЫ ЗАПИСИ (АБИС) |
| Тип экземпляра АБИС |
Книга |
| 980 ## - КОЛЛЕКЦИЯ |
| Название коллекции |
Национальная библиография |